000 00332nam a2200133Ia 4500
008 210210b1976 xxu||||| |||| 00| 0 eng d
082 _a153.93 SULS
100 _aSULLIVAN (Norman).
245 _aSullivan's I.Q. tests.
260 _aLondon
_bTandem Publishing Ltd.
_c1976
300 _a189
690 _aPsychology
906 _a033753
999 _c84657
_d84657